000 01828nam a22004337a 4500
003 CHAP
005 20220817044240.0
008 090122s2008 mx a r 00010 spa d
010 _a95685
011 _a96657
035 _a107313
040 _cCHAP
090 _aTesis
100 1 _aSilva Luna, María del Sagrario.
_9106015
245 1 3 _aEl comportamiento de los precios nominales y reales de los granos básicos:
_bmaiz, frijol, trigo, arroz y sorgo (1980 - 2005)
_c/por María del Sagrario Silva Luna y José Alejandro de la Cruz Benítez
260 _aChapingo, Méx. :
_bEl autor,
_c2008
300 _avii, 110 h. :
_bcuadros, gráfs.
502 _aTesis (Lic. en Economía Agrícola y Lic. en Comercio Internacional de Productos Agropecuarios) -- UACH. División de Ciencias Económico Administrativas
530 _aTambién disponible en línea
590 _aALEPH
_b10
_c20130110
_lUCH01
_h1525
590 _aBATCH-UPD
_b10
_c20130110
_lUCH01
_h0457
590 _aBATCH-UPD
_b10
_c20130410
_lUCH01
_h0134
590 _aBATCH-UPD
_b10
_c20130914
_lUCH01
_h0915
590 _aBATCH-UPD
_b10
_c20140324
_lUCH01
_h1508
590 _aBATCH-UPD
_b10
_c20141002
_lUCH01
_h0837
590 _aCONVERSION
_b10
_c20130109
_lUCH01
_h1353
650 1 4 _aCereales
_xVariedades.
_921477
650 1 4 _aCultivos
_xRendimiento.
_930318
650 1 4 _aMaterias primas.
_972962
650 1 4 _aMéxico
_xCondiciones rurales.
650 1 4 _aPrecios.
_991344
650 1 4 _aProductos agrícolas
_xPrecios.
_992004
700 1 _aCruz Benítez, José Alejandro de la.
_929306
856 _3Finding aid
_uhttp://10.13.5.2/tesis/107313.pdf
_zTeclea aqui
901 _aBK
942 _cFOLL
949 _aTesis
_bBC
_cTES
_d33724002080355
_eTS2
_fc.2
_gDonaciØn
_h48527
_i107313
_sb
949 _aTEsis
_bBC
_cTES
_d33724002080397
_eTS1
_gDonaciØn
_h48526
_i107313
_sb
999 _c95685
_d95685